000 01405naa a22003017a 4500
001 BR8502154
003 BR-BrBNA
005 20250721154452.0
007 ta
008 250630b bl.|||m| |||| 00| 0 por d
040 _aBR-BrBNA
_bpor
_cBiblioteca Nacional de Agricultura
041 _a(Pt)
072 _aL73; Q53
_b6000
_b8954
_b4110
090 _aL73 BR8502154
100 1 _aHofer, E.
111 1 _a4. Simposio do Centro Nacional de Pesquisa de Suinos e Aves; 1. Simposio Catarinense de Sanidade Avicola
_cChapeco, SC (Brazil)
_d9-12 Sep 1985
245 1 _aEpidemiologia da salmonelose: incidencia de sorotipos de salmonella em aves e racoes (materias-primas)no periodo de 1966-1984
500 _aAnais do 4. Simposio do Centro Nacional de Pesquisa de Suinos e Aves; 1. Simposio Catarinense de Sanidade Avicola Concordia, SC (Brasil): 1985. p. 110-124 [7 tables; Summaries (En, Pt)] (BR8502154-AMS)
773 0 _tAnais do 4. Simposio do Centro Nacional de Pesquisa de Suinos e Aves; 1. Simposio Catarinense de Sanidade Avicola
_wL73 BR8502154
_gConcordia, SC (Brasil), 1985. p. 110-124
650 _aAVE DOMESTICA
650 _aRACAO
650 _aSALMONELOSE
650 _aHIGIENE DE ALIMENTO
650 _aCONTAMINACAO BACTERIANA
490 _aDocumentos - Centro Nacional de Pesquisa de Suinos e Aves (Brazil)
_vno. 9
942 _cAMS
_2AGRIS
909 _a202506
_bLúcia
_c55
_dLúcia Elande
999 _c334982
_d334982